00542nam a2200205Ia 4500008004100000041001200041082001200053100002500065245003600090260004300126300000800169365000800177520001200185520003100197546001200228630003600240650001200276655001200288730003600300101110s9999 xx 000 0 und d aENGLISH bSR34006 aBiswas, Debaprasanna aMathematical methods in physics c2009bNew Central Book Agency, Kolkata a440 b185 aPhysics aUGC Marge Scheme 2009-2010 aENGLISH aMathematical methods in physics aPhysics aPhysics aMathematical methods in physics